000 00290nam a22001337a 4500
008 180103b xxu||||| |||| 00| 0 eng d
020 _a002654010 X
041 _aeng
080 _a91
100 _a42
101 _aGJEO
245 _aTHE HUMAN EXPRESSION
_cWELTY, P.TH
942 _2udc
_cBK
999 _c39650
_d39650